00546 2200205 4500001002100000005001500021035002000036245007300056100002600129300001300155260003200168082001100200084001700211020002200228650001100250650001300261650001000274008004100284990001500325INLIS00000000000046520260404115623 a0010-04260000031 aKUMPULAN KULTUM PALING ASYIK UNTUK MUSLIMAH /cUMI AZIZAH KHALIL, SP0 aUMI AZIZAH KHALIL, SP a224 hlm. aYogyakarta :bARASKA,c2018 a297.72 a297.72 UMI k a978-602-5805-02-8 aKultum aMuslimah aIslam260404 g 0 ind  a0382/BB/18